Логика (Запис номер 467504)
[ съкратено ]
| 000 -Лидер | |
|---|---|
| Контролно поле с фиксирана дължина | nam a22 a 4500 |
| 003 - Код на организацията, давaща контролен номер | |
| Контролно поле | BLK |
| 005 - Дата и час на последна редакция | |
| Контролно поле | 20220720143455.0 |
| 008 - Елементи от данни с фиксирана дължина | |
| fixed length control field | 180410b bul|||||r ||||||| ||bul|| |
| 040 ## - Източник на каталожния запис | |
| Идентификатор на билиотеката - собственик на записа | BLK |
| 041 ## - Код за език | |
| Код за езика на текст/звукозапис или на отделно заглавие | Български |
| Код за езика КДБФ | Български |
| 080 ## - УДК | |
| Текстов определител УДК | Логика. Теория на познанието. Логическа методология. Херменевтика(философ. аспекти)Епистемология. Вж и 801.73 |
| УДК код - определител по УДК | 16 |
| УДК определител | (075.3) |
| УДК - код + определител | 16(075.3) |
| 100 1# - Редна дума - Автор | |
| Автор | Бънков, Ангел Илиев |
| Авторска отговорност | първи автор |
| R(LIN) | 369320 |
| 139 ## - Редно поле | |
| Редна дума | Бънков, Ангел Илиев и др. |
| Авторски знак | Бъл - Б 92 |
| 245 10 - Сведения за заглавието | |
| Заглавие | Логика |
| Подзаглавни данни | Учебник за Х кл. на общообраз. у-ща |
| Редно поле (дума) | Ангел Бънков, Йорданка Осиковска. |
| 250 ## - Област на изданието | |
| Сведения за изданието | [13. изд.] |
| 257 ## - Страна на издаване | |
| Страна на създаване/издаване | България |
| 260 ## - Област на издателските данни | |
| Място на издаване, разпространение и проч. | София |
| Име на издателя, разпространителя и проч. | Нар. просв. |
| Година на издаване | 1975 |
| Печатница | В. Търново : Д. Найденов |
| 300 ## - Физическа характеристика | |
| Страници | 130 с. |
| Илюстрации и др. | с черт. |
| Размери/Мащаб | 22 см |
| 380 ## - Жанр | |
| Жанр | Философия |
| 500 ## - Общи забележки | |
| Забележка | Авт. не са отбелязани на кор. - 1. изд. 1957. - В кн. означено 14. изд. - 20 083 тир. |
| 650 #4 - Допълнително описание по предмет – тема | |
| Основно описание – тема или топоним | Логика - учебници за средни училища |
| 9 (RLIN) | 248583 |
| 653 ## - Ключова дума – ненормативна | |
| Ключова дума | логика |
| 653 ## - Ключова дума – ненормативна | |
| Ключова дума | учебници за средни училища |
| 700 1# - Други автори (авторска отговорност) | |
| Лично име | Осиковска, Йорданка Иванова |
| Автороска отговорност (Описва отношението между автора и произведението) | съавт. |
| Друга информация | Осиковска-Мънкова, Йорданка Иванова |
| 9 (RLIN) | 378654 |
| 852 ## - Местоположение | |
| Форматна сигнатура | Цб 65580 |
| Фондова буква | Хранилище |
| 999 ## - СИСТЕМНИ КОНТРОЛНИ НОМЕРА | |
| Koha biblionumber | 467504 |
| Koha biblioitemnumber | 467504 |
| 942 ## - АРТИКУЛИ | |
| Вид на библиотечния материал | Книги |
| Скрит в OPAC | Не |
| Периодичен библиозапис | Да |
| 944 ## - СЪЗДАВАНЕ И РЕДАКЦИЯ на ЗАПИСА | |
| Създаване/Редакция | Създаване |
| Дата на регистрацията/редакция | 2022-07-20 |
| Служител, извършил регистрацията/редакцията | Кети |
| Код за отписване | Код за изгубен артикул | Източник на класификационната схема | Код за повреда | Коз за рестрикции | Код за отдаване | Артикулен № | Име на библиотеката - собственик | Име на библиотеката, в която се намира в момента | Статус (Текущо местоположение) | Дата на вписване в системата | Местоположение - отдел | Цена в лева | Инвентарен номер | Систематично азбучна сигнатура | Баркод | Цена в евро | Служебен тип на артикула |
|---|---|---|---|---|---|---|---|---|---|---|---|---|---|---|---|---|---|
| Не е изгубен | Universal Decimal Classification | Не е повреден | само за читалня | ползва се в читалня | 896830 | Регионална библиотека "Любен Каравелов" Русе | Регионална библиотека "Любен Каравелов" Русе | Хранилище | 2022-07-22 | Хранилище | 0.42 | 129189 | Цб 65580 | 120000129189 | 0.21 | Книги |